• 首页
  • 本馆介绍
  • 公告通知
  • 最新文献
  • 馆藏检索
  • 电子资源
  • 读者导购
  • 参考咨询
  • 我的图书馆
  • 登录
  • 详细信息显示
  • 放入我的书架
  • 预约/预借图书
  • 作者相关作品
  • 分类相关作品
  • 丛书相关作品
  • 出版社相关作品

书目信息

  • 表格格式
  • 工作单格式
  • 卡片格式
题名:
淮南子
    
 
作者: 刘安 著 ;冯慧娟 编
分册:  
出版信息: 长春   吉林出版集团股份有限公司  2020
页数: 151页
开本: 22cm
丛书名: 全民阅读·经典小丛书
单 册:
中图分类: B234.42 , B234.4
科图分类:
主题词: 杂家--中国--西汉时代
电子资源:
ISBN: 978-7-5581-0128-1
000 00812nam0 2200265 450
001 2032191652
005 20201201142221.67
010    @a978-7-5581-0128-1@dCNY32.00
100    @a20190307d2020 em y0chiy50 ea
101 0  @achi
102    @aCN@b220000
105    @ay z 000yy
200 1  @a淮南子@9huai nan zi@b专著@f(汉)刘安著@g冯慧娟编
210    @a长春@c吉林出版集团股份有限公司@d2020
215    @a151页@d22cm
225 1  @a全民阅读·经典小丛书@v151
330    @a本书共分7卷,包括原道训、俶真训、天文训、地形训、时则训、兵略训、人间训等内容。
605    @a《淮南子》@x译文
606 0  @a杂家@y中国@z西汉时代
690    @aB234.42@v5
690    @aB234.4@v4
701  0 @c(汉)@a刘安@9liu an@4著
702  0 @a冯慧娟@9feng hui juan@4编
801  2 @aCN@b58marc.cn@c20190403
905    @aMUSE@dB234.4@e6
    
    淮南子/(汉)刘安著/冯慧娟编.-长春:吉林出版集团股份有限公司,2020
    151页;22cm.-(全民阅读·经典小丛书;151)
    
    
    ISBN 978-7-5581-0128-1:CNY32.00
    本书共分7卷,包括原道训、俶真训、天文训、地形训、时则训、兵略训、人间训等内容。
●
相关链接 在五车中查询图书 在当当中查询图书 在豆瓣中查询图书


正题名:淮南子     索取号:B234.4/6         预约/预借

序号 登录号 条形码 馆藏地/架位号 状态 备注
1 871794   2000871794   第二书库/ [索取号:B234.4/6] 在馆    
2 871795   2000871795   第二书库/ [索取号:B234.4/6] 在馆    
3 871796   2000871796   第二书库/ [索取号:B234.4/6] 在馆    
山东省滨州职业学院图书馆 欢迎您!
大连网信软件有限公司© 版权所有